000 00920nas a2200265 4500
001 BR8500171
003 BR-BrBNA
005 20231205090049.0
007 ta
008 230509b bl.|||p| |||| 00| 00por d
040 _aBR-BrBNA
_bpor
_cBiblioteca Nacional de Agricultura
041 _a(Pt)
072 _aL10
100 1 _aMattos, R.C.
100 1 _aGunzel, A.R.
100 1 _aNeves, J.P.
245 1 _aInfluencias sazonais sobre o semen de carneiros da raca Merino alemao tipo carne, dando especial enfase a patologia do acrossoma
246 1 _aSeasonal influences on the semen of german mutton merino rams, with special regard to the acrossome pathology
650 _aCARNEIRO
650 _aRACA
650 _aSEMEN
773 0 _tRevista Brasileira de Reproducao Animal (Brazil)
_xISSN 0102-0803
_g(1984), v. 8(1) p. 47-56
_wBR8500171
909 _a202311
_bLúcia
_c55
_dLúcia Elande
942 _2AGRIS
_n0
_cANA
999 _c115901
_d115901